LEADER 01429nam 2200397 450 001 000003634 005 20180801123900.0 100 $a--------d1983----km-y0itay0103----ba 101 0 $aita 102 $aIT 200 1 $aPeriodici italiani$e1968-1981$fIstituto centrale per il catalogo unico delle biblioteche italiane e per le informazioni bibliografiche 200 1 $a1 $n0000051 210 $aRoma$cICCU$d1983 215 $a612 p.$d29 cm. 676 $a015.45034 710 $aIstituto centrale per il catalogo unico delle biblioteche italiane e per le informazioni bibliografiche$0439217 801 0$aIT$bUniversità della Basilicata - B.I.A.$gRICA$2unimarc 912 $a000003634 996 $aPeriodici italiani$972156 997 $aUNIBAS BAS $aMONLET BAS $aMONOGR BAS $aLETTERE CAT $aGIORDANO$b10$c19991028$lBAS01$h1101 CAT $c20000920$lBAS01$h1831 CAT $c20001010$lBAS01$h1634 CAT $c20050601$lBAS01$h1753 CAT $abatch$b01$c20050718$lBAS01$h1048 CAT $c20050718$lBAS01$h1107 CAT $c20050718$lBAS01$h1137 CAT $c20050718$lBAS01$h1151 CAT $aBATCH$b00$c20070503$lBAS01$h1730 CAT $aBATCH$b00$c20180801$lBAS01$h1239 FMT Z30 -1$lBAS01$LBAS01$mBOOK$1BASA1$APolo Storico-Umanistico$2GEN$BCollezione generale$3SL/36827$9SL/36827$636827$5L36827$819991028$f98$FConsultazione all $aall $n0008257